000 00411nam a22001697a 4500
005 20250512165616.0
008 250512b |||||||| |||| 00| 0 eng d
020 _a9780072429411
050 _aHF5429
_bLEV
100 _aLevy, Michael
245 _aRetailing management
250 _a4th
260 _aBoston
_bMcGraw-Hill
_cc2001
300 _axxvii, 758p
700 _aWeitz, Barton A.
942 _2lcc
_cBK
_n0
999 _c5737
_d5737